Most visited natural attractions in the world - Statistics

General Stats
  • This quiz has been taken 30 times
  • The average score is 6 of 15
Answer Stats
Answer % Correct
Grand Canyon (USA)
93%
Niagara Falls (Canada-USA)
81%
Yellowstone National Park (USA)
63%
Uluru (Australia)
59%
Amazon Rainforest (Brazil)
56%
Great Barrier Reef (Australia)
44%
Mount Everest (Nepal-China)
37%
Mount Kilimanjaro (Tanzania)
37%
Iguazu Falls (Argentina-Brazil)
30%
Mount Fuji (Japan)
30%
Blue Lagoon (Iceland)
22%
Table mountain (South Africa)
22%
Halong Bay (Vietnam)
15%
the Blackforest (Germany)
11%
Socotra (Yemen)
0%
No matching quizzes found
Score Distribution
Percent of People with Each Score
Percentile by Number Answered
Your Score History
You have not taken this quiz